00325nam a2200121Ia 4500008004100000041000800041082001500049100001700064245004500081260003800126300003200164365000700196240624s9999 xx 000 0 und d aeng a332.41 RAO aRAO SHILPA M aINFLATION TARGETING CONCEPTS AND EXPERIE c2004aHyderabadbICFAI University aviii, : 176 : p. : cm. ; 23 cRS